Biblioteca

Ricardo (Registro nro. 48664)

Detalles MARC
000 -LÍDER
Campo fijo de descripción fija 00621nam a2200205 i 4500
001 - NÚMERO DE CONTROL
Campo de control BINCO
003 - IDENTIFICADOR DEL NÚMERO DE CONTROL
Campo de control CO-MdBIC
005 - FECHA Y HORA DE LA ULTIMA TRANSACCIÓN
control field 20200320124135.0
008 - ELEMENTOS DE LONGITUD FIJA -- INFORMACIÓN GENERAL
Campo fijo de descripción fija -- Información general 170615t2007 xxua||ab |||| 00| j spa d
020 ## - NÚMERO INTERNACIONAL NORMALIZADO PARA LIBROS
Número Internacional Normalizado del libro 978-968-16-6422-0
040 ## - FUENTE DE CATALOGACIÓN
Agencia que realiza la transcripción CO-MdBIC
Agencia de catalogación original CO-MdBIC
Idioma de catalogación spa.
Agencia que realiza la modificación CO-MdBIC
041 ## - CÓDIGO DE IDIOMA
Código de idioma para texto/pista de sonido o título separado spa
082 04 - NÚMERO DE CLASIFICACIÓN DECIMAL DEWEY
Número de clasificación 863C
Número de la edición del Dewey 22
Clave de autor-Numero de item H364r
100 1# - ASIENTO PRINCIPAL--NOMBRE PERSONAL
Nombre personal Heine, Helme
Título de una obra Ricardo
245 10 - TÍTULO
Título del Material Ricardo
Mención de responsabilidad, etc. / Helme Heine ; traducción de Odette Farrel
264 ## - PRODUCCIÓN, PUBLICACIÓN, DISTRIBUCIÓN, MANUFACTURA, Y COPYRIGHT
Lugar de producción, publicación, distribución, manufactura México :
Nombre del productor, publicador, distribuidor Fondo de Cultura Económica ;
Fecha de producción, publicación, distribución, manufactura, o copyright ©2007
300 ## - DESCRIPCIÓN FÍSICA
Extensión [40 páginas] :
Otros detalles físicos ilustraciones a blanco y negro ,
Dimensiones 15cm.
650 14 - ASIENTO SECUNDARIO DE MATERIA - TERMINO TEMÁTICO
Término temático o nombre geográfico como elemento de entrada Literatura Infanil
942 ## - TIPO DE MATERIAL (KOHA)
Tipo de Item KOHA Z- Libro General BINCO
Existencias
Estado de Material Estado de Perdido Forma de Clasificación Estado de Dañado No para Préstamo Colección Tomo Biblioteca de Origen Biblioteca Permanente Ubicación en Estantería Fecha de Adquisición Área Total de Préstamos Total de Renovaciones Signatura Topográfica Código de Barras Última vez visto Última vez Préstado Ejemplar/Existencia Fecha de Remplazo Tipo de Material
    Dewey Decimal Classification     Colección Junior   Biblioteca Infantil Comunitaria BINCO Biblioteca Infantil Comunitaria BINCO Inglés 05/09/2008 BINCO 2 2 863C H364r B31909 24/07/2019 25/06/2019 1 26/01/2016 Z- Libro General BINCO

Biblioteca FUSBC | Teléfono: (57+4) 349 88 10 Ext. 141| WhatsApp (+57) 3005338115 
E-mail: biblioteca@unisbc.edu.co | Calle 76 87-14 Robledo Palenque, Medellín, Colombia

Con tecnología Koha